| 000 | 00374 a2200109 4500 | ||
|---|---|---|---|
| 001 | ART_30916 | ||
| 005 | 20260410161706.0 | ||
| 008 | 260409a | ||
| 245 | 1 | 0 | _aCiudad de Buenos Aires: convalidación judicial del obrar arbitrario de la administración fiscal |
| 100 | 1 | _aSpisso, Rodolfo Roque | |
| 773 | 0 |
_tRevista Impuestos _g- Nº 5 (mar. 2008) _wREV639 |
|
| 999 |
_c15619 _d15619 |
||